书目信息 |
| 题名: |
STK在计算机仿真中的应用
|
|
| 作者: | 杨颖 , 王琦 著 | |
| 分册: | ||
| 出版信息: | 北京 国防工业出版社 2005.01 |
|
| 页数: | 306页 | |
| 开本: | 26cm | |
| 丛书名: | ||
| 单 册: | ||
| 中图分类: | TP391.9 | |
| 科图分类: | ||
| 主题词: | 计算机仿真--应用程序 | |
| 电子资源: | ||
| ISBN: | 7-118-03711-7 | |
| 000 | 00789nam0 2200241 450 | |
| 001 | 0133943186 | |
| 005 | 20050531111826.70 | |
| 010 | @a7-118-03711-7@dCNY30.00 | |
| 100 | @a20050403d2005 km y0chiy0120 ea | |
| 101 | 0 | @achi |
| 102 | @aCN@b110000 | |
| 105 | @aa z 000yy | |
| 200 | 1 | @aSTK在计算机仿真中的应用@ASTK zai ji suan ji fang zhen zhong de ying yong@f杨颖, 王琦著@Fyang ying,wang qi zhu |
| 210 | @a北京@c国防工业出版社@d2005.01 | |
| 215 | @a306页@c图@d26cm | |
| 330 | @a本书包括STK软件概述、STK软件入门、STK在卫星中仿真中的应用、STK仿真分析实例、STK外部接口设计等内容。 | |
| 606 | 0 | @a计算机仿真@x应用程序 |
| 610 | 0 | @aSTK |
| 690 | @aTP391.9@v4 | |
| 701 | 0 | @a杨颖@Ayang ying@4著 |
| 701 | 0 | @a王琦@Awang qi@4著 |
| 801 | 0 | @aCN@bQSSK@c20050531 |
| 905 | @dTP391.9@eY322 | |
| STK在计算机仿真中的应用/杨颖, 王琦著.-北京:国防工业出版社,2005.01 |
| 306页:图;26cm |
| ISBN 7-118-03711-7:CNY30.00 |
| 本书包括STK软件概述、STK软件入门、STK在卫星中仿真中的应用、STK仿真分析实例、STK外部接口设计等内容。 |
| ● |
| 相关链接 |
|
|
|
正题名:STK在计算机仿真中的应用
索取号:TP391.9/Y322
 
预约/预借
| 序号 | 登录号 | 条形码 | 馆藏地/架位号 | 状态 | 备注 |
| 1 | 499838 | 204998388 | 期刊室512/301自科库 113排2列6层/ [索取号:TP391.9/Y322] | 在馆 | |
| 2 | 499839 | 204998397 | 期刊室512/301自科库 113排2列6层/ [索取号:TP391.9/Y322] | 在馆 | |
| 3 | 499840 | 204998404 | 自科二线404/404自科库 18排2列4层/ [索取号:TP391.9/Y322] | 在馆 |